Biología y sociología de la homosexualidad /

Guardado en:
Detalles Bibliográficos
Otros autores: Denniston, R.H. (autor) (autor)
Formato: Libro
Idioma:Español
Publicado: Buenos Aires, Argentina : Hormé, 1967, c1967
Colección:(Psicología de Hoy ; 51)
Temas:
Etiquetas: Agrega una etiqueta
Sin etiquetas, Sé el primero en etiquetar este registro!

MARC

LEADER 00000nam^a2200000^a^4500
001 000305283
005 20250521000000.0
009 20260310112743.261
037 |a Acervo Xavier Clavigero 
041 |a ESP 
082 |a 305. 3142  |b BIO 
245 0 0 |a Biología y sociología de la homosexualidad /  |c R.H. Denniston... [et al.] ; introd. de Judd Marmor ; tr. por Daniel R. Wagner. 
264 4 |a Buenos Aires, Argentina :  |b Hormé,  |c 1967, c1967 
300 |a 233 p. 
336 |a texto  |b txt  |2 rdacontenido 
337 |a sin mediación  |b n  |2 rdamedio 
338 |a volumen  |b nc  |2 rdasoporte 
440 1 |a (Psicología de Hoy ;  |v 51) 
500 |a Traducción de: Sexual Inversion 
649 |a XX 
650 |a Homosexualidad -  |x Aspectos Sociales y Culturales 
650 |a Homosexualidad -  |x Tema Principal 
650 |a Biología 
650 |a Antropología 
650 |a Sociología 
700 |a Denniston, R.H.  |e (autor) 
910 |a Fondo General 
920 |a Impresos - Libros 
930 |a Colección General 
905 |a 101 
901 |a 0500191560  |b IT1  |c ACC  |u 20250521 
902 |a https://opac.biblio.iteso.mx/vufind/Record/000305283